Puissance modèles lamborghini - Statistiques

Statistiques générales
  • Ce quiz a été pris 77 fois
  • Le résultat moyen est 9 sur 11
Statistiques - réponses
Modèles Puissance (en chevaux) % Correct
Huracan 610 chv
97%
Aventador 700 chv
94%
Murcielago 580 chv
89%
Urus 650 chv
87%
Centenario 770 chv
87%
Aventador svj 770 chv
87%
Gallardo 520 chv
84%
Revuelto 825 chv
81%
Diablo 492 chv
76%
Miura 350 chv
73%
Countach 25th anniversary 455 chv
70%
Aucun quiz correspondant
Distribution des résultats
% des personnes avec chaque résultat
Percentile par nombre de réponses
Votre historique - résultats
Vous n’avez pas pris ce quiz